| 000 | 00635nam a2200217Ia 4500 | ||
|---|---|---|---|
| 003 | OSt | ||
| 005 | 20230401125311.0 | ||
| 008 | 210423s2003 xx 000 0 und d | ||
| 040 | _cAL | ||
| 041 | _aeng | ||
| 082 |
_a659.2 HENR _223 |
||
| 100 |
_aHENRY (Rene A) _981987 |
||
| 245 | _aMarketing public relations: the hows that make it work | ||
| 260 |
_aNew Delhi _bSurjeeth Publications _c2003 |
||
| 300 | _axiv,281 | ||
| 365 |
_b195 _cINR |
||
| 650 |
_aManagement & Auxiliary Services 650 _981988 |
||
| 650 |
_aPublic Relations _981989 |
||
| 906 | _ahows ; it ; make ; Marketing ; public ; relations: ; work | ||
| 942 |
_2ddc _cBK |
||
| 999 |
_c155489 _d155489 |
||